000 00772nam a22002417a 4500
001 BR8702337
003 BR-BrBNA
005 20230928092453.0
007 ta
008 230509b bl.||||| |||| 00| 0 por d
040 _aBR-BrBNA
_bpor
_cBiblioteca Nacional de Agricultura
041 _a(Por)
072 _aE80
090 _ E80 BR8702337
100 1 _aMendes, M.F.
110 1 _aAssociacao de Credito e Assistencia Rural de Santa Catarina, Florianopolis (Brasil). Coordenacao de Economia Domestica
_9434
245 1 _aIndustrializacao caseira de alimentos - como fechar os vidros com plastico [Brasil]
260 3 _aFlorianopolis, SC (Brasil):
_c1986.
300 _a17 p.
650 _aECONOMIA DOMESTICA
909 _a202309
_bLucia
_c55
_dLucia Elande
942 _cBK
999 _c39261
_d39261